000
00304nam a2200121Ia 4500
008
190902s9999||||xx |||||||||||||| ||und||
020
_a
1-84330-165-2
100
_a
Dr. Tommy Cairns
245
0
_a
Ortho's All About Roses
260
_a
Larkana
_b
Principle Cadet College
_c
174
300
_a
1999
942
_c
BK
999
_c
2945
_d
2945